[Event "Challenge"]
[Site "http://www.queenalice.com/game.php?id=258386"]
[Date "2007.8.20"]
[Round "-"]
[White "HERMIONE"]
[Black "Feick"]
[Result "1-0"]
[WhiteElo "1837"]
[BlackElo "1278"]

1. e4 Nf6 2. e5 Ne4 3. Nf3 e6 4. Nc3 Nxc3 5. bxc3 f6 6. Bc4 Bc5 7. O-O d5 8.
exd6 Qxd6 9. d4 Ba3 10. Re1 Bxc1 11. Qxc1 O-O 12. Qd2 a6 13. a4 h6 14. Rad1 Kh8
15. Nh4 Rd8 16. Ng6+ Kh7 17. Bd3 f5 18. Ne5 b6 19. Nf7 Qe7 20. Nxd8 Qxd8 21. Qf4
g6 22. Re3 b5 23. Rh3 g5 24. Qe5 g4 25. Re3 Nc6 26. Qf4 Qd6 27. Qxd6 cxd6 28.
axb5 axb5 29. Bxb5 Nd8 30. h3 f4 31. Ree1 g3 32. Bd3+ Kg7 33. fxg3 fxg3 34. Re3
Ra3 35. Rxg3+ Kf8 36. Rf1+ Ke7 37. Rg7+ Nf7 38. Rfxf7+ Kd8 39. Rf8# 1-0

[Event "Challenge"]
[Site "http://www.queenalice.com/game.php?id=311500"]
[Date "2007.11.28"]
[Round "-"]
[White "Tourinho"]
[Black "Feick"]
[Result "1-0"]
[WhiteElo "1431"]
[BlackElo "1278"]

1. d4 Nc6 2. c4 e6 3. Nf3 d5 4. Nc3 Bb4 5. Bf4 a6 6. Rc1 dxc4 7. e3 a5 8. Bxc4
b5 9. Bxb5 Bd7 10. O-O Na7 11. Bxd7+ Qxd7 12. a3 Be7 13. Ne5 Qc8 14. Qa4+ c6 15.
Ne4 Bc5 16. Rxc5 Ne7 17. Nd6+ Kf8 18. Nxc8 Naxc8 19. Nxc6 Nd5 20. Rxa5 Ndb6 21.
Qb4+ Kg8 22. Rxa8 Nxa8 23. Ne7+ Nxe7 24. Qxe7 h6 25. Rc1 Nb6 26. Qd8+ Kh7 27.
Qxb6 g5 28. Be5 Rg8 29. Rc7 Kg6 30. d5 Re8 31. d6 Rf8 32. d7 Rd8 33. Rb7 Kf5 34.
Qxd8 Kxe5 35. Qa5+ Kf6 36. d8=Q+ Kg6 37. Qd3+ f5 38. Qc7 g4 39. Qf7+ Kg5 40.
Qg8+ Kh4 41. Qdd8+ Kh5 42. Qf7# 1-0

[Event "Challenge"]
[Site "http://www.queenalice.com/game.php?id=362358"]
[Date "2008.2.28"]
[Round "-"]
[White "Feick"]
[Black "dani29rock"]
[Result "0-1"]
[WhiteElo "1278"]
[BlackElo "1652"]

1. d4 d5 2. Nc3 e6 3. a3 h6 4. b4 Nc6 5. g4 Qh4 6. Be3 Nf6 7. h3 h5 8. Qd2 hxg4
9. Bg2 g3 10. O-O-O gxf2 11. Nf3 Qg3 12. Rdf1 Qxg2 13. Bxf2 Rxh3 14. Rxh3 Qxf1+
15. Qd1 Qxh3 16. Ng5 Qf5 17. Be3 Ng4 18. Bd2 e5 19. dxe5 Ncxe5 20. Nxd5 Bd6 21.
Qh1 f6 22. Qh5+ Ng6 23. c4 fxg5 24. Qh7 Qf1+ 25. Kc2 Bf5+ 26. Kc3 Be5+ 27. Kb3
O-O-O 28. Bxg5 Qd1+ 29. Ka2 Qb1# 0-1

[Event "Challenge"]
[Site "http://www.queenalice.com/game.php?id=386699"]
[Date "2008.4.12"]
[Round "-"]
[White "Guiguiu"]
[Black "Feick"]
[Result "1-0"]
[WhiteElo "1635"]
[BlackElo "1276"]

1. Nc3 e5 2. e4 Nc6 3. Nf3 g6 4. g3 Bg7 5. a3 Nf6 6. Bb5 Nd4 7. Nxe5 O-O 8. Bc4
d5 9. exd5 a6 10. a4 Rb8 11. Ne2 Qd6 12. Nd3 Bg4 13. Ndf4 b5 14. axb5 axb5 15.
h3 Bf3 16. O-O Nf5 17. Bd3 c6 18. b3 Nh5 19. Nxh5 Bxa1 20. Ba3 b4 21. Bc1 Qxd5
22. Nhf4 Qc5 23. Bxf5 Qxf5 24. c4 Rfe8 25. d4 Rbd8 26. Be3 Bc3 27. Qc1 Qe4 28.
Nxc3 bxc3 29. Qxc3 g5 30. Nd3 Bg2 31. Ra1 Bxh3 32. Ne1 Re7 33. Bxg5 f6 34. Bxf6
Ree8 35. Bxd8 Rxd8 36. f3 Qe2 37. Qc2 Qe3+ 38. Kh2 Be6 39. Ng2 Qxd4 40. Re1 Re8
41. Nf4 Bd7 42. Rxe8+ Bxe8 43. Ne2 Qf2+ 44. Kh1 Qxf3+ 45. Kg1 Bg6 46. Qb2 Be4
47. Nf4 Qh1+ 48. Kf2 Qf3+ 49. Ke1 Qxg3+ 50. Qf2 Qxb3 51. Ne6 Bf3 52. Qg3+ Kf7
53. Ng5+ Kf6 54. Qf4+ Ke7 55. Nxf3 h6 56. Ne5 c5 57. Qf7+ Kd6 58. Qd5+ Kc7 59.
Qxc5+ Kb8 60. Nc6+ Kc7 61. Na5+ 1-0

[Event "Challenge"]
[Site "http://www.queenalice.com/game.php?id=420531"]
[Date "2008.6.20"]
[Round "-"]
[White "VSRelva"]
[Black "Feick"]
[Result "1-0"]
[WhiteElo "1437"]
[BlackElo "1276"]

1. e4 e5 2. Nf3 Bd6 3. d4 exd4 4. Qxd4 Nc6 5. Qxg7 Qf6 6. Qxf6 Nxf6 7. Nc3 Bb4
8. Bd2 d6 9. a3 Bxc3 10. Bxc3 Nxe4 11. Bxh8 Bd7 12. Bd3 d5 13. Bb5 a6 14. Bxc6
Bxc6 15. Ne5 Bb5 16. f3 Ng5 17. h4 Ne6 18. Rd1 O-O-O 19. Nxf7 Re8 20. Be5 c6 21.
f4 Kd7 22. Ng5 Nxf4 23. Nf3 Nxg2+ 24. Kf2 Nxh4 25. Rxh4 Re7 26. b3 Rf7 27. a4
Bxa4 28. bxa4 b6 29. Rb1 b5 30. a5 Ke6 31. Ke3 1-0

[Event "Challenge"]
[Site "http://www.queenalice.com/game.php?id=425720"]
[Date "2008.6.30"]
[Round "-"]
[White "REZENDEBRASIL"]
[Black "Feick"]
[Result "1-0"]
[WhiteElo "1851"]
[BlackElo "1276"]

1. Nf3 d5 2. c4 dxc4 3. Nc3 b6 4. e4 Be6 5. Be2 Nc6 6. O-O h6 7. Qa4 Qd7 8. Bxc4
g6 9. Bb5 Nf6 10. Bxc6 Kd8 11. Bxd7 Bxd7 12. Qd4 1-0

[Event "Challenge"]
[Site "http://www.queenalice.com/game.php?id=425721"]
[Date "2008.6.30"]
[Round "-"]
[White "Feick"]
[Black "REZENDEBRASIL"]
[Result "0-1"]
[WhiteElo "1276"]
[BlackElo "1851"]

1. e4 c5 2. c4 d6 3. Nf3 e5 4. Nc3 Nf6 5. Nd5 Be7 6. d3 O-O 7. a4 Be6 8. Nxf6+
Bxf6 9. h4 Nc6 10. Bd2 Bg4 0-1

[Event "Challenge"]
[Site "http://www.queenalice.com/game.php?id=459643"]
[Date "2008.9.7"]
[Round "-"]
[White "Feick"]
[Black "Tourinho"]
[Result "0-1"]
[WhiteElo "1274"]
[BlackElo "1558"]

1. e4 e5 2. d4 f6 3. f4 d6 4. c4 b6 5. Nf3 Nd7 6. fxe5 dxe5 7. dxe5 fxe5 8. Bg5
Ngf6 9. Nxe5 Nxe5 10. Qxd8+ Kxd8 11. Nd2 Be7 12. Bf4 Nfd7 13. O-O-O Bd6 14. Bxe5
Nxe5 15. Be2 Rf8 16. Rhf1 Bg4 17. Nf3 Bxf3 18. gxf3 g5 19. h4 h6 20. hxg5 hxg5
21. a3 Ke7 22. Rg1 Rg8 23. Rdf1 Nf7 24. b4 Bf4+ 25. Kd1 Rad8+ 26. Ke1 Bd2+ 27.
Kf2 Rh8 28. Rd1 Bc3 29. Rxd8 Kxd8 30. Rd1+ Ke7 31. Rd3 Be5 32. Bf1 Rh2+ 33. Kg1
Bf4 34. Rd5 Ra2 35. Kh1 Rxa3 36. Rd3 Ra1 37. Kg1 Ne5 38. Rb3 Nxc4 39. Rd3 Ne3
40. Rxe3 Bxe3+ 41. Kg2 a5 42. bxa5 bxa5 43. Bb5 a4 44. Kg3 a3 45. Bc6 a2 46. Bd5
Rg1+ 47. Kh2 a1=Q 48. Ba2 Qh8# 0-1

[Event "Challenge"]
[Site "http://www.queenalice.com/game.php?id=532495"]
[Date "2009.1.31"]
[Round "-"]
[White "Feick"]
[Black "Tourinho"]
[Result "0-1"]
[WhiteElo "1269"]
[BlackElo "1628"]

1. e4 e5 2. Nf3 Nc6 3. b4 Bxb4 4. a3 Ba5 5. c3 d6 6. Bc4 h6 7. Bd5 Bd7 8. h3 Nf6
9. Bxc6 Bxc6 10. d3 Qd7 11. d4 exd4 12. Nxd4 Nxe4 13. Bb2 O-O 14. O-O Rfe8 15.
f3 Ng3 16. Rf2 Ba4 17. Nb3 Bb6 18. Qc2 Bxf2+ 19. Qxf2 Ne2+ 20. Kh2 Bxb3 21. Nd2
Qb5 22. Re1 Bc4 23. Nxc4 Qxc4 24. Qf1 Qf4+ 25. Kh1 Ng3+ 26. Kg1 Nxf1 27. Bc1 Ne3
28. Kf2 Qh4+ 29. g3 Qxh3 30. Rxe3 Rxe3 31. Bxe3 Qh2+ 32. Kf1 Re8 33. Bg1 Qe2#
0-1

[Event "1º round"]
[Site "http://www.queenalice.com/game.php?id=555304"]
[Date "2009.3.13"]
[Round "-"]
[White "Saru"]
[Black "Feick"]
[Result "0-1"]
[WhiteElo "1258"]
[BlackElo "1265"]

1. e4 Nf6 2. Nc3 e5 3. Bc4 c6 4. a3 b5 5. Be2 Bb7 6. a4 a6 7. Bg4 h5 8. Be2 b4
9. Na2 c5 10. Nf3 d6 11. O-O Nxe4 12. d3 Ng5 13. Be3 Nxf3+ 14. Bxf3 Bxf3 15.
Qxf3 d5 16. c3 bxc3 17. bxc3 c4 18. Rad1 cxd3 19. Rd2 e4 20. Qg3 h4 21. Qe5+ Qe7
22. f4 Nc6 23. Qxd5 Rc8 24. Re1 h3 25. Nb4 Nxb4 26. cxb4 Qxb4 27. Qe5+ Qe7 28.
Qd5 Qe6 29. Qd4 Rc4 30. Qa7 Be7 31. Qa8+ Bd8 32. Rb1 Rxa4 33. Qb8 O-O 34. gxh3
Ba5 35. Qb3 Qxb3 36. Rxb3 Bxd2 37. Bxd2 Ra2 38. Be3 d2 39. Rb1 Rd8 40. Rd1 a5
41. Bb6 Rd6 0-1

[Event "Feick"]
[Site "http://www.queenalice.com/game.php?id=571686"]
[Date "2009.4.14"]
[Round "-"]
[White "foda"]
[Black "Feick"]
[Result "0-1"]
[WhiteElo "1223"]
[BlackElo "1324"]

1. e4 e5 2. Bc4 c6 3. Qf3 Nf6 4. d3 d5 5. exd5 Bg4 6. Qe3 Bb4+ 7. c3 Ba5 8.
Qxe5+ Qe7 9. Qxe7+ Kxe7 10. dxc6 Nxc6 11. Bb5 Nb4 12. cxb4 Bxb4+ 13. Bd2 Bxd2+
14. Nxd2 a6 15. Bc4 Rhe8 16. h3 Kf8+ 17. Ne4 Nxe4 18. dxe4 Rxe4+ 19. Be2 Bd7 20.
f3 Rd4 21. Rd1 Rxd1+ 22. Kxd1 Rd8 23. h4 Ba4+ 24. Ke1 a5 25. b3 Bc6 26. Nh3 f6
27. Rf1 b5 28. f4 Bxg2 29. Rg1 Bxh3 30. Bxb5 Rd4 31. Rh1 Bg2 32. Rg1 Bd5 33. Rf1
Rb4 34. Bd3 g6 35. f5 Kg7 36. fxg6 hxg6 37. Rg1 Be4 38. Bxe4 Rxe4+ 39. Kf1 Rxh4
40. Rg2 g5 41. Rd2 Kg6 42. Rd8 Rf4+ 43. Ke2 a4 44. bxa4 Rxa4 45. Rd2 Kf5 46.
Rd5+ Kg6 47. Kf3 g4+ 48. Kg3 f5 49. Rd6+ Kg5 50. Rd2 f4+ 51. Kf2 g3+ 52. Kf3
Ra3+ 53. Kg2 Kg4 54. Kf1 Ra4 55. Kg2 f3+ 56. Kf1 g2+ 57. Kg1 Kg3 58. Rf2 Rd4 59.
Rxf3+ Kxf3 60. a3 Kg3 61. a4 Rd1# 0-1

[Event "Challenge"]
[Site "http://www.queenalice.com/game.php?id=590497"]
[Date "2009.5.18"]
[Round "-"]
[White "Kuroi"]
[Black "Feick"]
[Result "1-0"]
[WhiteElo "1650"]
[BlackElo "1267"]

1. e4 Nf6 2. Nc3 e5 3. Nf3 Nc6 4. Bc4 d5 5. Bxd5 Nxd5 6. exd5 Nb4 7. Nxe5 Bf5 8.
O-O Qf6 9. a3 Nxc2 10. Ra2 Qxe5 11. b4 O-O-O 12. Bb2 Nxb4 13. axb4 Bxb4 14. Qa4
a5 15. Ba1 Bd6 16. g3 b6 17. Qc6 Bd3 18. Nb5 Bxf1 19. Bxe5 Bxe5 20. d4 Bxb5 21.
Qxb5 Bxd4 22. Rd2 Bc3 23. Rd3 Be5 24. d6 Rxd6 25. Qa6+ Kd7 26. Qb5+ Ke6 27. Qc4+
Ke7 28. Qxc7+ Ke6 29. Qc4+ Kf6 30. Rf3+ Ke7 31. Qc7+ Ke8 32. Qxf7+ Kd8 33. Qb7
g5 34. Re3 Bd4 35. Qe7+ Kc8 36. Rd3 Bc5 37. Rxd6 Bxd6 38. Qxd6 Rd8 39. Qc6+ Kb8
40. Qxb6+ Kc8 41. Qxa5 h6 42. Qa6+ Kd7 43. Qxh6 Rg8 44. Qh7+ Rg7 45. Qxg7+ Kd6
46. Qxg5 1-0

[Event "Challenge"]
[Site "http://www.queenalice.com/game.php?id=590498"]
[Date "2009.5.18"]
[Round "-"]
[White "Feick"]
[Black "Kuroi"]
[Result "1-0"]
[WhiteElo "1281"]
[BlackElo "1626"]

1. e4 e5 2. Bc4 Nf6 3. Qf3 Bc5 4. Nh3 d6 5. Ng5 O-O 6. Qb3 Be6 7. Bxe6 Qe7 8.
Bxf7+ Rxf7 9. Qxf7+ Qxf7 10. Nxf7 Kxf7 11. O-O Nxe4 12. d4 Bxd4 13. c3 Bc5 14.
b4 Bxf2+ 15. Rxf2+ Nxf2 16. Kxf2 Nd7 17. Na3 Rf8 18. Nb5 Kg8+ 19. Kg1 Nf6 20.
Nxc7 Rc8 21. Nb5 a6 22. Nxd6 Rxc3 23. Nxb7 Ne4 24. Bb2 Rc7 25. Nc5 Nxc5 26. bxc5
Rxc5 27. Rc1 Rb5 28. Rc2 e4 29. a4 Rb4 30. a5 e3 31. Kf1 Rf4+ 32. Ke1 Re4 33.
Rc6 Rb4 34. Bc3 Rf4 35. Rxa6 Rf2 36. Bd4 Rxg2 37. Bxe3 Rxh2 38. Rc6 Rh1+ 39. Ke2
h5 40. a6 Rh2+ 41. Bf2 h4 42. a7 Rg2 43. a8=Q+ Kh7 44. Rd6 Rg4 45. Qb7 h3 46.
Rd4 Rg2 47. Rh4+ Kg6 48. Rxh3 Kf6 49. Qxg2 g5 50. Rh5 1-0

[Event "Challenge"]
[Site "http://www.queenalice.com/game.php?id=592771"]
[Date "2009.5.23"]
[Round "-"]
[White "mulher_aranha"]
[Black "Feick"]
[Result "1-0"]
[WhiteElo "1834"]
[BlackElo "1267"]

1. e4 Nf6 2. Qf3 e5 3. Nc3 c6 4. b3 d5 5. exd5 cxd5 6. d3 d4 7. Nb1 Bb4+ 8. Bd2
Bg4 9. Qxb7 Nc6 10. Qxc6+ Kf8 11. Bxb4+ Kg8 12. f3 Bd7 13. Qd6 a5 14. Bc5 Rc8
15. Qxe5 Be6 16. Bxd4 Rxc2 17. Na3 a4 18. Nxc2 axb3 19. axb3 Bxb3 20. Rb1 Bxc2
21. Rb8 Qf8 22. Rxf8+ Kxf8 23. Bc5+ Kg8 24. Qb8+ Ne8 25. Qxe8# 1-0

[Event "Feick"]
[Site "http://www.queenalice.com/game.php?id=593840"]
[Date "2009.5.26"]
[Round "-"]
[White "foda"]
[Black "Feick"]
[Result "0-1"]
[WhiteElo "1236"]
[BlackElo "1311"]

1. e4 Nf6 2. e5 Ne4 3. Qe2 f6 4. d3 Ng5 5. Bxg5 fxg5 6. Nf3 e6 7. Qe3 h6 8. d4
g4 9. Nfd2 Nc6 10. Qe4 Qg5 11. c4 Bb4 12. a3 Bxd2+ 13. Nxd2 Rf8 14. f3 Rf4 15.
Qh7 Rxd4 16. Ne4 Rxe4+ 17. Be2 Rxe5 18. Qh8+ Ke7 19. fxg4 Qe3 20. Qxg7+ Kd6 21.
Qf8+ Ne7 22. Rd1+ Kc6 23. Rd2 Ng6 24. Qf6 Qg5 25. Qxg5 hxg5 26. b4 a6 27. Rf1 b5
28. cxb5+ axb5 29. Rf6 Nf4 30. Rc2+ Kd6 31. Rd2+ Ke7 32. Rxf4 gxf4 33. Kd1 Rxa3
34. g3 Bb7 35. gxf4 Be4 36. fxe5 Ra1# 0-1

[Event "Challenge"]
[Site "http://www.queenalice.com/game.php?id=610098"]
[Date "2009.6.28"]
[Round "-"]
[White "nandobr"]
[Black "Feick"]
[Result "0-1"]
[WhiteElo "1444"]
[BlackElo "1334"]

1. e4 e5 2. Qf3 Nc6 3. Bc4 Nf6 4. d3 Na5 5. g4 d5 6. exd5 Bxg4 7. Qg3 Bd6 8. f3
e4 9. f4 g5 10. h3 gxf4 11. Bxf4 exd3 12. cxd3 Nxc4 13. hxg4 Nxd5 14. Bxd6 Nxd6
15. Qe5+ Qe7 16. Nf3 O-O-O 17. Kd1 Ne3+ 18. Kd2 Ndc4+ 19. Ke2 Nxe5 20. Kxe3
Nxg4+ 21. Kf4 Nf2 22. Rf1 Nxd3+ 23. Kg3 Rhg8+ 24. Ng5 Qe3+ 25. Rf3 Qxg5+ 26. Kh2
Qg2# 0-1

[Event "Challenge"]
[Site "http://www.queenalice.com/game.php?id=614852"]
[Date "2009.7.7"]
[Round "-"]
[White "Kuroi"]
[Black "Feick"]
[Result "1-0"]
[WhiteElo "1682"]
[BlackElo "1336"]

1. e4 e5 2. Nf3 Nc6 3. Nc3 Bc5 4. Bc4 a6 5. d3 b5 6. Bd5 Qf6 7. Bg5 Qg6 8. h4
Nge7 9. h5 Qd6 10. Bxe7 Qxe7 11. Qe2 Rb8 12. O-O-O b4 13. Na4 Rb5 14. Bxc6 dxc6
15. h6 gxh6 16. Rxh6 Ra5 17. b3 Bg4 18. Rxc6 Bd6 19. d4 exd4 20. Rxd4 Be5 21.
Rd5 Rxd5 22. Rxa6 Rd6 23. Qb5+ Kf8 24. Nxe5 Qf6 25. Qc5 Kg7 26. Nxg4 Qf4+ 27.
Ne3 Rxa6 28. Kb2 Qd6 29. Nf5+ Kf8 30. Nxd6 cxd6 31. Qc8+ Kg7 32. Qxa6 Re8 33.
Qxd6 Rxe4 34. Qg3+ Kf8 35. Qd6+ Kg8 36. Nc5 Re2 37. Na4 Rxf2 38. Qg3+ Kh8 39.
Qxf2 Kg8 40. Nc5 h6 41. Nd7 Kg7 42. Qf6+ Kh7 43. Qxf7+ Kh8 44. Nf8 h5 45. Qh7#
1-0

[Event "Challenge"]
[Site "http://www.queenalice.com/game.php?id=614853"]
[Date "2009.7.7"]
[Round "-"]
[White "Feick"]
[Black "Kuroi"]
[Result "1/2-1/2"]
[WhiteElo "1354"]
[BlackElo "1745"]

1. e4 e5 2. Bc4 Nf6 3. Qf3 Bc5 4. d3 Nc6 5. Bg5 Nd4 6. Qd1 h6 7. Be3 d6 8. Nf3
Bg4 9. c3 Nxf3+ 10. gxf3 Bh5 11. d4 exd4 12. cxd4 Bb4+ 13. Bd2 c5 14. dxc5 dxc5
15. a3 Bxd2+ 16. Nxd2 O-O 17. b4 Qd4 18. O-O Bg6 19. Qc2 Qe5 20. Rfe1 Nh5 21. f4
Nxf4 22. Nf3 Nh3+ 23. Kg2 Nf4+ 24. Kf1 Bh5 25. Nxe5 b6 26. Nd7 Rfd8 27. Qd2 Nh3
28. Qd5 Nf4 29. Qxf7+ Bxf7 30. Bxf7+ Kxf7 31. Ne5+ Ke6 32. Nc6 Rd6 33. Na5 bxa5
34. bxc5 Rc6 35. e5 Rxc5 36. Ra2 Nd3 37. Re3 Rc1+ 38. Ke2 Nxe5 39. f4 Rc5 40.
fxe5 Rxe5 41. a4 Rxe3+ 42. Kxe3 Re8 43. Rg2 g5 44. Ke4 Kf6+ 45. Kd5 h5 46. Kc5
Rb8 47. Rf2+ Kg6 48. Re2 g4 49. Re6+ Kf5 50. Ra6 h4 51. Rxa5 Kf4 52. Rxa7 g3 53.
Rf7+ Kg5 54. hxg3 hxg3 55. a5 Kh4 56. Rh7+ Kg4 57. Rg7+ Kh3 58. Rh7+ Kg2 59. a6
Rc8+ 60. Kb6 Kf2 61. Rg7 g2 62. Kb7 Rf8 63. a7 g1=Q 64. Rxg1 Rf7+ 65. Kb8 Rf8+
66. Kb7 Rf7+ 67. Ka6 Rf6+ 68. Kb7 Rf7+ 1/2-1/2

[Event "Challenge"]
[Site "http://www.queenalice.com/game.php?id=665381"]
[Date "2009.10.10"]
[Round "-"]
[White "MMANZAN"]
[Black "Feick"]
[Result "1-0"]
[WhiteElo "1625"]
[BlackElo "1368"]

1. Nc3 e5 2. e4 Nf6 3. Nf3 Ng4 4. h3 Nxf2 5. Kxf2 Bc5+ 6. Kg3 Qf6 7. d3 Qg6+ 8.
Kh2 O-O 9. Nxe5 Qd6 10. Bf4 Re8 11. Qh5 g6 12. Qh4 Nc6 13. Nxf7 Qe7 14. Ng5 Bd6
15. Nd5 Qg7 16. Bxd6 cxd6 17. Nc7 Qe5+ 18. g3 Rb8 19. Qxh7+ Kf8 20. Qf7# 1-0

[Event "Challenge"]
[Site "http://www.queenalice.com/game.php?id=673791"]
[Date "2009.10.28"]
[Round "-"]
[White "MMANZAN"]
[Black "Feick"]
[Result "1-0"]
[WhiteElo "1961"]
[BlackElo "1362"]

1. Nc3 c6 2. e3 e5 3. Nf3 d5 4. Nxe5 f6 5. Qh5+ g6 6. Nxg6 hxg6 7. Qxh8 Nh6 8.
Bd3 Bf5 9. Bxf5 gxf5 10. h4 Qe7 11. d4 Nd7 12. Bd2 O-O-O 13. O-O Qf7 14. Nxd5
cxd5 15. Ba5 b6 16. Be1 Bd6 17. Qxh6 Rg8 18. c4 Rg6 19. Qh8+ Bf8 20. cxd5 Rh6
21. Qxh6 Bxh6 22. d6 Kb7 23. Bb4 a5 24. Ba3 Qd5 25. Rfc1 Ka6 26. Rc7 Nf8 27. g3
f4 28. gxf4 Ne6 29. Rc8 Kb7 30. Rh8 Bg7 31. Rg8 Bh6 32. Rg6 Qh5 33. Rxf6 Nf8 34.
e4 Qg4+ 35. Kf1 Qxh4 36. Rf7+ Ka6 37. Kg1 Qh5 38. Rf5 Qe2 39. Re5 Nd7 40. Re7
Nf6 41. e5 Ne4 42. Rf1 Bxf4 43. Rg7 Be3 44. fxe3 Qxe3+ 45. Kg2 Qxd4 46. d7 Qd2+
47. Kg1 b5 48. Rg6+ Kb7 49. d8=Q 1-0

[Event "Challenge"]
[Site "http://www.queenalice.com/game.php?id=687925"]
[Date "2009.11.24"]
[Round "-"]
[White "Feick"]
[Black "FENIX_RJ"]
[Result "1-0"]
[WhiteElo "1360"]
[BlackElo "1441"]

1. d4 Nf6 2. Nf3 d5 3. e3 Nc6 4. c4 Bg4 5. h3 Bh5 6. g4 Bg6 7. Nc3 e6 8. g5 Ne4
9. Nxe4 Bxe4 10. b3 h6 11. Rg1 Bb4+ 12. Nd2 hxg5 13. a3 Bc3 14. Ra2 e5 15. f3
Bg6 16. Bb2 Bxb2 17. Rxb2 Ne7 18. Rxg5 Nf5 19. f4 Nxe3 20. Rxe5+ Kd7 21. Rxe3
Qh4+ 22. Ke2 Bh5+ 23. Nf3 Rh6 24. Kd3 Qf2 25. Rxf2 Bg6+ 26. Kd2 Bh5 27. cxd5 Re8
28. Bb5+ c6 29. dxc6+ bxc6 30. Bxc6+ Rxc6 31. Ne5+ Rxe5 32. Qe1 Rd5 33. Re7+ Kd6
34. Kd3 Bg6+ 35. f5 Bxf5+ 36. Rxf5 Rc1 37. Qxc1 Rxf5 38. Qc7+ Kd5 39. Qc5# 1-0